[Event "SG Solingen 3 - Godesberger SK 2"]
[Site "NRW-Klasse, Gruppe 1 2010/201"]
[Date "2011.04.03"]
[Round "9.4"]
[White "Hubert, Ralf"]
[Black "Horstmann, Olaf"]
[Result "1/2-1/2"]
[WhiteElo "2219"]
[BlackElo "2140"]
[PlyCount "136"]
[EventDate "2011.??.??"]

1. d4 e6 2. g3 f5 3. Bg2 Nf6 4. Nh3 Be7 5. Nd2 O-O 6. e4 fxe4 7. Nxe4 d6 8. O-O
e5 9. dxe5 dxe5 10. Qe2 Nc6 11. Nhg5 Nxe4 12. Nxe4 Be6 13. Be3 Nd4 14. Bxd4
Qxd4 15. b3 Rad8 16. h4 h6 17. c3 Qb6 18. Rad1 Bf5 19. Rxd8 Rxd8 20. Rd1 c6 21.
Qh5 Rxd1+ 22. Qxd1 Qc7 23. Qf3 Be6 24. Qh5 Bf7 25. Qf5 g6 26. Qg4 Kg7 27. h5
Bf8 28. Bf1 Qe7 29. hxg6 Bxg6 30. Bd3 Qf7 31. Nd2 h5 32. Qe2 Bxd3 33. Qxd3 Qe6
34. Qe3 Qd6 35. Qg5+ Qg6 36. Qxe5+ Kh7 37. Ne4 Bg7 38. Qe7 Kh6 39. c4 b5 40.
cxb5 cxb5 41. Qd6 Kh7 42. Qxg6+ Kxg6 43. Kg2 Bf8 44. f4 Bb4 45. Kf3 Kf5 46. Nf2
a5 47. g4+ hxg4+ 48. Nxg4 a4 49. Ne3+ Ke6 50. Ke4 axb3 51. axb3 Bf8 52. Nf5 b4
53. Ne3 Bc5 54. f5+ Kf7 55. Nd5 Bd6 56. Nb6 Kf6 57. Nd7+ Ke7 58. Ne5 Kf6 59.
Ng4+ Kg5 60. Ne3 Kf6 61. Kd4 Bf8 62. Kd5 Be7 63. Kc6 Bf8 64. Kd5 Be7 65. Kd4
Bf8 66. Ke4 Bd6 67. Nd5+ Kg5 68. Nb6 Kf6 1/2-1/2

[Event "SG Solingen 3 - Godesberger SK 2"]
[Site "NRW-Klasse, Gruppe 1 2010/201"]
[Date "2011.04.03"]
[Round "9.5"]
[White "Mueller-Boge, Michael"]
[Black "Hobusch, Alexander"]
[Result "0-1"]
[WhiteElo "2040"]
[BlackElo "2183"]
[Annotator "Hausrath,Daniel"]
[PlyCount "114"]
[EventDate "2011.??.??"]

1. e4 e6 2. d4 d5 3. Nc3 Nf6 4. Bg5 Bb4 5. e5 h6 6. Be3 Ne4 7. Qg4 g6 8. a3
Bxc3+ 9. bxc3 Nxc3 10. Bd3 Nc6 11. h4 Ne7 12. f3 Bd7 13. Qf4 Nf5 14. Bf2 c5 15.
dxc5 Na4 16. Rb1 Qc7 17. g4 Ne7 18. Qd4 b6 19. cxb6 axb6 20. Ne2 Nc6 21. Qa1
Qxe5 22. Qxe5 $11 Nxe5 23. Rh3 O-O 24. f4 Nxg4 25. Bd4 e5 26. fxe5 Nxe5 27. Rg3
Nxd3+ 28. cxd3 Kh7 29. Kd2 Nc5 30. Nf4 Ne6 31. Nxe6 Bxe6 32. Rb3 Ra4 33. Bf6
Rf4 34. Be5 Rxh4 35. d4 Rh2+ 36. Ke3 Ra2 37. Bd6 Re8 38. Kf3 h5 39. Rg2 Bg4+
40. Kg3 h4+ 41. Kh2 Ree2 42. Rxe2 Rxe2+ 43. Kg1 Re6 44. Rxb6 Bd1 45. Bc7 Rxb6
46. Bxb6 g5 47. Kf2 Kg6 48. Ke1 f5 49. Bc7 f4 50. Kf2 Kf5 51. Bd8 h3 52. Kg1 g4
53. Kh2 Ke4 54. Bf6 Ba4 55. Be5 g3+ 56. Kh1 h2 57. Bd6 Bd1 0-1

[Event "SG Solingen 3 - Godesberger SK 2"]
[Site "NRW-Klasse, Gruppe 1 2010/201"]
[Date "2011.04.03"]
[Round "9.6"]
[White "Blasek, Ralph"]
[Black "Kohn, Sandro"]
[Result "0-1"]
[WhiteElo "2143"]
[BlackElo "2120"]
[PlyCount "104"]
[EventDate "2011.??.??"]

1. e4 c5 2. Nf3 Nc6 3. c3 Nf6 4. Bd3 d5 5. e5 Ng4 6. Bb5 Qb6 7. Ba4 Bf5 8. d4
e6 9. O-O h5 10. h3 Nh6 11. dxc5 Bxc5 12. b4 Be7 13. Be3 Qd8 14. Nd4 Qd7 15.
Qxh5 Bg6 16. Qe2 a6 17. Nxc6 bxc6 18. Nd2 Nf5 19. Rad1 Nxe3 20. Qxe3 O-O 21.
Bb3 Qa7 22. Qf4 c5 23. bxc5 Qxc5 24. Rc1 Rfc8 25. Nf3 Qa5 26. Nd4 Ba3 27. Rcd1
Rxc3 28. Qg5 Qb6 29. h4 Rd3 30. h5 Be4 31. Ne2 Qd8 32. Qf4 Be7 33. Ng3 Bg5 34.
Qg4 Rxd1 35. Rxd1 Bh7 36. f4 Bh6 37. Kh2 a5 38. Rc1 a4 39. Bd1 Qb6 40. Bc2 Qe3
41. Bxh7+ Kxh7 42. Rf1 Rc8 43. Rf3 Qc1 44. Nf5 exf5 45. Qxf5+ Kh8 46. Rf2 Qc6
47. g4 g6 48. hxg6 fxg6 49. Qd3 Qe6 50. Kg3 g5 51. fxg5 Qxe5+ 52. Kg2 Qxg5 0-1

[Event "SG Solingen 3 - Godesberger SK 2"]
[Site "NRW-Klasse, Gruppe 1 2010/201"]
[Date "2011.04.03"]
[Round "9.7"]
[White "Hemmann, Arnold"]
[Black "Schockenbaeumer, Dirk"]
[Result "1-0"]
[WhiteElo "2066"]
[BlackElo "2109"]
[PlyCount "55"]
[EventDate "2011.??.??"]

1. e4 c5 2. b3 Nc6 3. Bb2 d6 4. f4 Nf6 5. Nc3 Bg4 6. Be2 Bxe2 7. Qxe2 Nd4 8.
Qd3 Qd7 9. Nf3 Nxf3+ 10. Qxf3 e6 11. O-O Be7 12. e5 Ng8 13. exd6 Bf6 14. Na4
Bxb2 15. Nxb2 Nf6 16. Nc4 O-O 17. a4 b6 18. Rae1 Rad8 19. f5 exf5 20. Re7 Qc8
21. Rxa7 Ne4 22. Qxf5 Qxf5 23. Rxf5 Nxd6 24. Nxd6 Rxd6 25. d3 Re6 26. a5 g6 27.
Rf4 b5 28. Rc7 1-0

[Event "SG Solingen 3 - Godesberger SK 2"]
[Site "NRW-Klasse, Gruppe 1 2010/201"]
[Date "2011.04.03"]
[Round "9.8"]
[White "Peschel, Andreas"]
[Black "Lotzien, Hans"]
[Result "1/2-1/2"]
[WhiteElo "2094"]
[BlackElo "2073"]
[PlyCount "26"]
[EventDate "2011.??.??"]

1. d4 d5 2. Nf3 c6 3. c4 dxc4 4. g3 Nf6 5. Bg2 Nbd7 6. a4 a5 7. Qc2 Nb6 8. O-O
g6 9. Nbd2 Bg7 10. e4 O-O 11. Re1 Be6 12. Bf1 Ne8 13. Nxc4 Bxc4 1/2-1/2

[Event "SK Turm Emsdetten 2 - SG Bochum 2"]
[Site "NRW-Klasse, Gruppe 1 2010/201"]
[Date "2011.04.03"]
[Round "9.1"]
[White "Jens, Jelmer"]
[Black "Burg, Twan"]
[Result "0-1"]
[WhiteElo "2366"]
[BlackElo "2444"]
[PlyCount "70"]
[EventDate "2011.??.??"]

1. e4 c5 2. Nf3 d6 3. d4 cxd4 4. Nxd4 Nf6 5. Nc3 a6 6. Be3 Nbd7 7. f3 e6 8. g4
h6 9. Qd2 b5 10. O-O-O b4 11. Na4 Ne5 12. b3 Bd7 13. Nb2 d5 14. g5 hxg5 15.
Bxg5 dxe4 16. f4 Nf3 17. Nxf3 exf3 18. Qd4 Qc7 19. Bxf6 gxf6 20. Qxf6 Qc3 21.
Qxc3 bxc3 22. Nc4 Bh6 23. Rd4 Rg8 24. h3 Bb5 25. Ne5 f2 26. Ng4 Ke7 27. Bxb5
axb5 28. Nxh6 Rg1+ 29. Rd1 Rxa2 30. Kb1 Rb2+ 31. Kc1 f1=Q 32. Rxf1 Rg2 33. Rf3
Rbxc2+ 34. Kb1 Rb2+ 35. Kc1 Ra2 0-1

[Event "SK Turm Emsdetten 2 - SG Bochum 2"]
[Site "NRW-Klasse, Gruppe 1 2010/201"]
[Date "2011.04.03"]
[Round "9.2"]
[White "Kabatianski, Alexander"]
[Black "Tkachuk, Konstantyn"]
[Result "1/2-1/2"]
[WhiteElo "2397"]
[BlackElo "2178"]
[Annotator "Hausrath,Daniel"]
[PlyCount "63"]
[EventDate "2011.??.??"]

1. d4 Nf6 2. Nf3 g6 3. c4 Bg7 4. g3 O-O 5. Bg2 d6 6. O-O c6 7. Nc3 Nbd7 8. e4
e5 9. b3 Qc7 10. h3 a6 11. Be3 b5 12. Rc1 b4 13. Na4 c5 14. dxe5 dxe5 15. Qc2
Bb7 $11 16. Nh2 Rfe8 17. Rfd1 Bf8 18. Rd2 Bc6 19. Nb2 a5 20. Nf1 a4 21. f3 axb3
22. axb3 Ra2 23. Qd1 Nh5 24. Nd3 Rea8 25. Rxa2 Rxa2 26. Ra1 Qa5 27. Rxa2 Qxa2
28. Bf2 Ng7 29. Ne3 Ne6 30. Nd5 Bxd5 31. exd5 Nd4 32. Bxd4 1/2-1/2

[Event "SK Turm Emsdetten 2 - SG Bochum 2"]
[Site "NRW-Klasse, Gruppe 1 2010/201"]
[Date "2011.04.03"]
[Round "9.3"]
[White "Mazarov, Juergen"]
[Black "Smit, Erik"]
[Result "0-1"]
[WhiteElo "2136"]
[BlackElo "2226"]
[Annotator "Hausrath,Daniel"]
[PlyCount "98"]
[EventDate "2011.??.??"]

1. e4 g6 2. h4 d5 3. exd5 Nf6 4. d4 Qxd5 5. Nc3 Qd6 6. Nge2 c6 7. Bf4 Qd8 8.
Qd2 Nbd7 9. f3 Nb6 10. Ng1 Be6 11. g4 Nfd5 12. Be5 f6 13. Bg3 Nxc3 14. Qxc3 Bh6
15. g5 Bg7 16. gxf6 exf6 17. Bh3 f5 18. Ne2 O-O 19. O-O-O $11 Re8 20. Be5 Bxe5
21. dxe5 Qxh4 22. f4 Qf2 23. Qe1 Qxe1 24. Rhxe1 Rad8 25. Nd4 Kf7 26. Bf1 Nd5
27. Nxe6 Kxe6 28. Bc4 Ke7 29. Bxd5 Rxd5 30. Rxd5 cxd5 31. Rh1 h5 32. Rg1 Kf7
33. Kd2 h4 34. Ke3 Rh8 35. Kd4 h3 36. Kxd5 h2 37. Rh1 Rd8+ 38. Kc4 Rd2 39. Kc3
Rg2 40. Kd3 Ke6 41. a3 g5 42. fxg5 Kxe5 43. b4 f4 44. g6 Kf6 45. Ke4 Kxg6 46.
Kxf4 Rxc2 47. Kg3 Kf6 48. Rxh2 Rxh2 49. Kxh2 Ke5 0-1

[Event "SK Turm Emsdetten 2 - SG Bochum 2"]
[Site "NRW-Klasse, Gruppe 1 2010/201"]
[Date "2011.04.03"]
[Round "9.4"]
[White "Rijnaarts, Sjef"]
[Black "Tkachuk, Sergij"]
[Result "0-1"]
[WhiteElo "2259"]
[BlackElo "2201"]
[Annotator "Hausrath,Daniel"]
[PlyCount "136"]
[EventDate "2011.??.??"]

1. e4 c5 2. Nf3 d6 3. d4 cxd4 4. Nxd4 Nf6 5. Nc3 g6 6. Be3 Bg7 7. Bc4 O-O 8. f3
Nc6 9. Qd2 Bd7 10. O-O-O Rc8 11. Bb3 Ne5 12. Kb1 b5 13. Ndxb5 Bxb5 14. Nxb5 a6
15. Nc3 Nc4 16. Bxc4 Rxc4 17. Bh6 Bxh6 18. Qxh6 Qc7 19. Rd3 Rb8 20. Ka1 Qb7 21.
Rb1 Rb4 22. Qc1 Qc6 23. g4 e6 24. Qd2 R4b6 25. b3 Qc7 26. Rd1 Rc6 27. Kb2 Rc8
28. Rc1 Nd7 29. f4 Rb8 30. Rh3 Qa5 31. Nb1 Qc7 32. f5 Qd8 33. Qh6 Qf6+ 34. c3
Qg7 35. Qxg7+ Kxg7 $11 36. Nd2 exf5 37. exf5 Re8 38. fxg6 hxg6 39. Rc2 Re1 40.
Nf3 Re4 41. Rh7+ Kxh7 42. Ng5+ Kh6 43. Nxe4 d5 44. Nf2 Kg5 45. Rd2 Nf6 46. Rd4
Re6 47. Ka3 Re2 48. Nh3+ Kh4 49. Ng1 Re4 50. Nf3+ Kxg4 51. Ne5+ Kh3 52. Nxf7
Kxh2 53. Kb4 Rxd4+ 54. cxd4 Ne4 55. Ka5 g5 56. Nh6 Kh3 57. Kxa6 g4 58. Nf5 g3
59. Ne3 Nd6 60. b4 Nf5 61. Nxd5 Kg4 62. b5 g2 63. b6 g1=Q 64. b7 Qb1 65. Nf6+
Kh3 66. Nd7 Qxa2+ 67. Kb6 Qe6+ 68. Ka5 Nxd4 0-1

[Event "SK Turm Emsdetten 2 - SG Bochum 2"]
[Site "NRW-Klasse, Gruppe 1 2010/201"]
[Date "2011.04.03"]
[Round "9.5"]
[White "Evers, Klaus"]
[Black "Rietman, Frits"]
[Result "0-1"]
[WhiteElo "1743"]
[BlackElo "2243"]
[PlyCount "52"]
[EventDate "2011.??.??"]

1. e4 c5 2. c3 Nf6 3. d4 cxd4 4. e5 Nd5 5. cxd4 Nc6 6. Nf3 d6 7. exd6 Qxd6 8.
Be2 Bg4 9. O-O e6 10. Nc3 Rd8 11. Nb5 Qb8 12. Be3 Be7 13. Qb3 O-O 14. Rad1 Bf6
15. Rfe1 Nf4 16. Bxf4 Qxf4 17. h3 Bf5 18. Qe3 Qb8 19. Bd3 Ne7 20. Bxf5 Nxf5 21.
Qe4 Nd6 22. Nxd6 Rxd6 23. d5 Rfd8 24. b3 Rxd5 25. Rc1 g6 26. Qc4 Qd6 0-1

[Event "SK Turm Emsdetten 2 - SG Bochum 2"]
[Site "NRW-Klasse, Gruppe 1 2010/201"]
[Date "2011.04.03"]
[Round "9.6"]
[White "Schudro, Vasili"]
[Black "Franke, Norbert"]
[Result "1-0"]
[WhiteElo "2138"]
[BlackElo "1654"]
[PlyCount "93"]
[EventDate "2011.??.??"]

1. e4 e5 2. Nf3 Nc6 3. Nc3 Nf6 4. Bb5 Bc5 5. Nxe5 Nxe5 6. d4 Bxd4 7. Qxd4 Nc6
8. Bxc6 bxc6 9. Bg5 O-O 10. e5 Qe8 11. O-O-O Nd5 12. Nxd5 cxd5 13. Qxd5 Rb8 14.
Be3 Qe6 15. Qxe6 dxe6 16. Bxa7 Ra8 17. Bc5 Re8 18. Kb1 Bb7 19. f3 Bd5 20. b3
Ra5 21. Bb4 Rb5 22. a3 Ba8 23. Rhe1 g6 24. c4 Rb6 25. Re3 Reb8 26. Ka2 Rc8 27.
Be7 Rbb8 28. Red3 h5 29. a4 c6 30. Ka3 Bb7 31. Rd7 Ba8 32. a5 Re8 33. Bc5 Rbc8
34. a6 Rb8 35. R1d3 Rbc8 36. Ka4 Kg7 37. Ka5 Rb8 38. Ba7 Rbc8 39. c5 Kf8 40.
Bb6 Kg7 41. Rd8 Kf8 42. Rxc8 Rxc8 43. Rd8+ Rxd8 44. Bxd8 Ke8 45. Bc7 Kd7 46.
Kb6 Kc8 47. Bd6 1-0

[Event "SK Turm Emsdetten 2 - SG Bochum 2"]
[Site "NRW-Klasse, Gruppe 1 2010/201"]
[Date "2011.04.03"]
[Round "9.7"]
[White "Baumgart, Marvin"]
[Black "Topp, Michael"]
[Result "0-1"]
[WhiteElo "1032"]
[BlackElo "1994"]
[PlyCount "46"]
[EventDate "2011.??.??"]

1. e3 Nf6 2. c4 b6 3. d4 e6 4. Nc3 Bb7 5. Qc2 d5 6. cxd5 exd5 7. Bb5+ Nbd7 8.
Nge2 Bd6 9. Bd2 O-O 10. O-O-O a6 11. Bd3 c5 12. b3 Rc8 13. Ng3 c4 14. bxc4 dxc4
15. Be2 b5 16. f3 Ba3+ 17. Kb1 b4 18. Nce4 Nd5 19. Bxc4 Nc3+ 20. Bxc3 Rxc4 21.
Qa4 Nb6 22. Qa5 bxc3 23. Nxc3 Bb4 0-1

[Event "SK Herne-Sodingen 1 - SF Schwerte 1"]
[Site "NRW-Klasse, Gruppe 2 2010/201"]
[Date "2010.09.26"]
[Round "1.1"]
[White "Klug, Wolfgang"]
[Black "Tomaszewski, Roman"]
[Result "0-1"]
[WhiteElo "1911"]
[BlackElo "2301"]
[Annotator ",Daniel"]
[PlyCount "98"]
[EventDate "2010.??.??"]

1. c4 f5 2. Nc3 Nf6 3. f4 b6 4. Nf3 Bb7 5. e3 e6 6. Be2 Bb4 7. O-O Bxc3 8. bxc3
O-O 9. Rb1 d6 10. Nd4 Re8 11. Bf3 Qc8 12. h3 Nbd7 13. g4 g6 14. gxf5 exf5 15.
Kh2 Nc5 16. d3 Bxf3 17. Rxf3 Qa6 18. Rb2 $11 Rad8 19. Rg2 Kf7 20. Rfg3 d5 21.
Nc6 dxc4 22. Ne5+ Rxe5 23. fxe5 Nfe4 24. Rf3 Rxd3 25. Qe1 Qc8 26. Qh4 Qh8 27.
Ba3 Qxe5+ 28. Kh1 Nf6 29. Qxc4+ Qe6 30. Qf4 Qd6 31. Qc4+ Qd5 32. Qf4 Ne6 33.
Qg3 Ne4 34. Qh4 Rd1+ 35. Kh2 Qe5+ 36. Rf4 Nxf4 37. exf4 Qf6 38. Qxh7+ Qg7 39.
Qh4 c5 40. c4 Qf6 41. Qh7+ Qg7 42. Qh4 Qa1 43. Qh7+ Kf8 44. Qh6+ Ke7 45. Qh7+
Kd8 46. Qg8+ Kc7 47. Qf7+ Kb8 48. Rb2 Rh1+ 49. Kg2 Qf1# 0-1

[Event "SK Herne-Sodingen 1 - SF Schwerte 1"]
[Site "NRW-Klasse, Gruppe 2 2010/201"]
[Date "2010.09.26"]
[Round "1.2"]
[White "Graw, Christopher"]
[Black "Borzykin, Ihor"]
[Result "1-0"]
[WhiteElo "2189"]
[BlackElo "1912"]
[PlyCount "71"]
[EventDate "2010.??.??"]

1. d4 d5 2. c4 e5 3. dxe5 d4 4. a3 Nc6 5. e3 Nge7 6. Nf3 Bg4 7. Be2 Bxf3 8.
Bxf3 Nxe5 9. exd4 Nxf3+ 10. Qxf3 Nc6 11. d5 Qe7+ 12. Qe3 Ne5 13. Nd2 Nd3+ 14.
Ke2 Nf4+ 15. Kf3 Ng6 16. Qxe7+ Bxe7 17. Re1 Nh4+ 18. Kg3 Nf5+ 19. Kh3 Nd4 20.
Re4 Nc2 21. Rb1 f5 22. Re5 Rf8 23. Nf3 h6 24. Re2 g5 25. Rxc2 g4+ 26. Kg3 Bd6+
27. Bf4 Bxf4+ 28. Kxf4 gxf3 29. gxf3 O-O-O 30. Re1 b5 31. Re7 bxc4 32. Rxc4 Rd7
33. Rxd7 Kxd7 34. Rc6 Rb8 35. b4 Rb5 36. Rc5 1-0

[Event "SK Herne-Sodingen 1 - SF Schwerte 1"]
[Site "NRW-Klasse, Gruppe 2 2010/201"]
[Date "2010.09.26"]
[Round "1.3"]
[White "Tawakol, Kai"]
[Black "Langers, Alexander"]
[Result "1-0"]
[WhiteElo "2103"]
[BlackElo "2155"]
[PlyCount "115"]
[EventDate "2010.??.??"]

1. c4 Nf6 2. g3 c5 3. Nf3 Nc6 4. Bg2 g6 5. O-O Bg7 6. Nc3 O-O 7. d3 d6 8. Bg5
h6 9. Bd2 e5 10. Ne1 Be6 11. e4 Kh7 12. Nc2 Qd7 13. Rb1 Ng8 14. b4 b6 15. Ne2
Bh3 16. Ne3 Nge7 17. Nd5 Bxg2 18. Kxg2 f5 19. Qa4 Rae8 20. f3 Rf7 21. Nxe7
Rexe7 22. b5 Nd4 23. Nxd4 exd4 24. Qd1 g5 25. h3 Qe6 26. g4 fxe4 27. fxe4 Rxf1
28. Qxf1 Rf7 29. Qe2 Qf6 30. a4 Bf8 31. a5 Be7 32. axb6 axb6 33. Ra1 Bd8 34.
Be1 Qe6 35. Bg3 Qf6 36. Ra8 Bc7 37. Ra7 Kg8 38. Ra6 Kg7 39. Ra8 Kh7 40. Ra7 Kg8
41. Ra1 Rf8 42. Ra2 Qe6 43. Qd1 Rd8 44. Qa1 Rf8 45. Rf2 Rxf2+ 46. Kxf2 Qf7+ 47.
Kg2 Kg7 48. Qa8 Qe7 49. Qc8 Qf7 50. Qf5 Qe7 51. Kf3 Bb8 52. Qd5 Qf7+ 53. Qf5
Qe7 54. Kg2 Qb7 55. h4 gxh4 56. Bxh4 Qa7 57. Kf3 Qa1 58. Bf6+ 1-0

[Event "SK Herne-Sodingen 1 - SF Schwerte 1"]
[Site "NRW-Klasse, Gruppe 2 2010/201"]
[Date "2010.09.26"]
[Round "1.4"]
[White "Schippan, Bernhard"]
[Black "Fleischhauer, Thomas"]
[Result "1/2-1/2"]
[WhiteElo "2222"]
[BlackElo "2040"]
[PlyCount "41"]
[EventDate "2010.??.??"]

1. e4 d5 2. exd5 Qxd5 3. Nc3 Qa5 4. d4 c6 5. Bc4 Bf5 6. Bd2 e6 7. Qe2 Bb4 8.
O-O-O Nf6 9. a3 Bxc3 10. Bxc3 Qc7 11. Nf3 Nbd7 12. Ne5 b5 13. Bb3 Be4 14. f4
O-O 15. Rhf1 Bd5 16. Bb4 Rfe8 17. Rd3 a5 18. Be1 Ne4 19. g4 f6 20. Nxd7 Qxd7
21. Rh3 1/2-1/2

[Event "SK Herne-Sodingen 1 - SF Schwerte 1"]
[Site "NRW-Klasse, Gruppe 2 2010/201"]
[Date "2010.09.26"]
[Round "1.5"]
[White "Vicktor, Christian"]
[Black "Waldschmidt, Georg"]
[Result "0-1"]
[WhiteElo "2000"]
[BlackElo "2161"]
[PlyCount "116"]
[EventDate "2010.??.??"]

1. d4 d5 2. Nf3 c5 3. c4 e6 4. cxd5 exd5 5. Nc3 Nc6 6. g3 Nf6 7. Bg2 Be7 8. O-O
O-O 9. Bg5 cxd4 10. Nxd4 h6 11. Be3 Bg4 12. Qb3 Na5 13. Qc2 Rc8 14. Nf5 Bb4 15.
Bd4 Nc4 16. Ne3 Bxc3 17. bxc3 Nxe3 18. Bxe3 d4 19. Rfd1 Rxc3 20. Qa4 Bxe2 21.
Rxd4 Qe7 22. Bd2 b5 23. Qa5 Rc4 24. Bb4 Qe5 25. Bxf8 Qxd4 26. Re1 Ra4 27. Bc5
Rxa5 28. Bxd4 Rxa2 29. Bxa7 b4 30. Bd4 Rd2 31. Bc5 b3 32. Bb4 Rc2 33. Bf1 Bxf1
34. Kxf1 Ng4 35. Rb1 b2 36. Ba3 Rxf2+ 37. Kg1 Rxh2 38. Bxb2 Rc2 39. Bd4 Rd2 40.
Rb4 Nh2 41. Bf2 Nf3+ 42. Kf1 Ne5 43. Be3 Rc2 44. Re4 Nc4 45. Re8+ Kh7 46. Bf2
Kg6 47. Rd8 Ne5 48. Rd6+ f6 49. Rd4 Kf5 50. Rf4+ Ke6 51. Ra4 g5 52. Ra6+ Kf5
53. Be3 Ng4 54. Bb6 Nh2+ 55. Kg1 Nf3+ 56. Kf1 Kg4 57. Bf2 Nd2+ 58. Kg1 Ne4 0-1

[Event "SK Herne-Sodingen 1 - SF Schwerte 1"]
[Site "NRW-Klasse, Gruppe 2 2010/201"]
[Date "2010.09.26"]
[Round "1.6"]
[White "Becker, Joerg"]
[Black "Zarges, Stephan"]
[Result "1-0"]
[WhiteElo "2172"]
[BlackElo "2127"]
[Annotator ",Daniel"]
[PlyCount "97"]
[EventDate "2010.??.??"]

1. d4 Nf6 2. Nf3 e6 3. Bg5 h6 4. Bh4 b6 5. Nbd2 Bb7 6. e3 c5 7. c3 Nc6 8. Bd3
Be7 9. O-O O-O 10. e4 cxd4 11. cxd4 Nh5 12. Bxe7 Qxe7 13. Re1 Rac8 14. a3 Nf4
15. Bf1 d6 16. g3 Ng6 17. Nc4 f5 18. d5 Nce5 19. Nfxe5 Nxe5 20. Nxe5 dxe5 21.
exf5 exd5 22. Bg2 Rcd8 23. g4 Qf6 24. Rc1 Rf7 25. Qa4 e4 26. Qb3 g6 27. fxg6
Qxg6 28. h3 d4 29. Rc7 Bd5 30. Qg3 Rdf8 31. Rxf7 Rxf7 32. Qe5 e3 33. Bxd5 exf2+
34. Kh1 fxe1=Q+ 35. Qxe1 Kf8 36. Bxf7 Kxf7 37. Qf2+ $11 Qf6 38. Kg2 Ke6 39.
Qxf6+ Kxf6 40. h4 Ke5 41. Kf3 Kd5 42. b4 Ke5 43. b5 Kd5 44. g5 hxg5 45. hxg5
Ke5 46. g6 Kf6 47. Ke4 d3 48. Kxd3 Kxg6 49. Ke4 1-0

[Event "SK Herne-Sodingen 1 - SF Schwerte 1"]
[Site "NRW-Klasse, Gruppe 2 2010/201"]
[Date "2010.09.26"]
[Round "1.7"]
[White "Duerwald, Martin"]
[Black "Berndt, Joachim"]
[Result "1/2-1/2"]
[WhiteElo "2032"]
[BlackElo "2118"]
[PlyCount "96"]
[EventDate "2010.??.??"]

1. e4 d6 2. d4 Nf6 3. Nc3 e5 4. dxe5 dxe5 5. Qxd8+ Kxd8 6. Bg5 c6 7. O-O-O+ Ke8
8. Nf3 Nbd7 9. Bh4 Bb4 10. Ne2 Nxe4 11. Nxe5 Be7 12. Rd4 Nxf2 13. Nxf7 Bxh4 14.
Rxh4 Nxh1 15. Nxh8 Nf6 16. Nd4 Ke7 17. Bc4 c5 18. Nb3 Bg4 19. Nf7 b5 20. Bxb5
Kxf7 21. h3 g5 22. Rh6 Bf5 23. g4 Be4 24. Nxc5 Nf2 25. Nxe4 N2xe4 26. Bc6 Rh8
27. Bxe4 Nxe4 28. h4 gxh4 29. Rxh4 Kg6 30. Rh1 Rf8 31. b4 Rf4 32. Rd1 Rxg4 33.
Rd7 Nc3 34. Kb2 Nb5 35. c3 Rc4 36. a4 Nxc3 37. Kb3 Rc8 38. Rxa7 h5 39. Re7 h4
40. b5 Nd5 41. Re6+ Kf5 42. Rh6 Rc3+ 43. Kb2 Rc4 44. Rh5+ Ke6 45. Kb3 Rf4 46.
Rh6+ Ke5 47. b6 Rb4+ 48. Ka3 Rxb6 1/2-1/2

[Event "SK Herne-Sodingen 1 - SF Schwerte 1"]
[Site "NRW-Klasse, Gruppe 2 2010/201"]
[Date "2010.09.26"]
[Round "1.8"]
[White "Kaehmann, Joerg"]
[Black "Vorschuetz, Stefan"]
[Result "1/2-1/2"]
[WhiteElo "2170"]
[BlackElo "2010"]
[PlyCount "80"]
[EventDate "2010.??.??"]

1. d4 g6 2. g3 Bg7 3. Bg2 Nf6 4. c4 O-O 5. Nc3 d6 6. Nf3 c5 7. d5 Bf5 8. Nd2
Qc8 9. O-O Bh3 10. e4 Bxg2 11. Kxg2 Nbd7 12. Qe2 e5 13. a3 a6 14. b4 Qc7 15.
Bb2 Nh5 16. Rab1 Rac8 17. Rfc1 Bh6 18. Nd1 Qd8 19. Rc2 f5 20. exf5 Rxf5 21. Ne4
Ndf6 22. Ndc3 b6 23. bxc5 bxc5 24. Bc1 Bxc1 25. Rcxc1 Nxe4 26. Nxe4 Nf6 27. f3
Nxe4 28. fxe4 Rf7 29. Qg4 Rb8 30. Qe6 Kg7 31. Rf1 Rfb7 32. Rxb7+ Rxb7 33. Rf2
Re7 34. Qf6+ Kg8 35. Rb2 Qc7 36. a4 Rf7 37. Qe6 Kg7 38. Kh3 h5 39. Kg2 Qd8 40.
Rf2 Rxf2+ 1/2-1/2

[Event "SF Monheim 1 - Mettmann-Sport 1"]
[Site "NRW-Klasse, Gruppe 2 2010/201"]
[Date "2010.09.26"]
[Round "1.2"]
[White "Homuth, Wolfgang"]
[Black "Perschke, Ulrich"]
[Result "1/2-1/2"]
[WhiteElo "2200"]
[BlackElo "2136"]
[PlyCount "70"]
[EventDate "2010.??.??"]

1. e4 c5 2. b3 e6 3. Bb2 a6 4. Nf3 Nc6 5. Bd3 d6 6. O-O Nf6 7. Re1 e5 8. h3 g6
9. Bc4 Bg7 10. Nc3 O-O 11. Nd5 b5 12. Nxf6+ Bxf6 13. Bd5 Bb7 14. c3 Qb6 15. d4
Rfe8 16. dxc5 dxc5 17. c4 Rad8 18. Qe2 Nd4 19. Nxd4 exd4 20. Qd3 Bxd5 21. exd5
bxc4 22. Rxe8+ Rxe8 23. Qxc4 Qa5 24. g3 Qd2 25. Ba3 d3 26. Rf1 Re1 27. Qxc5 Be7
28. Qc8+ Kg7 29. Bxe7 Rxe7 30. d6 Re1 31. d7 Rxf1+ 32. Kxf1 Qe2+ 33. Kg2 Qe4+
34. Kh2 Qd4 35. Kg2 Qe4+ 1/2-1/2

[Event "SF Monheim 1 - Mettmann-Sport 1"]
[Site "NRW-Klasse, Gruppe 2 2010/201"]
[Date "2010.09.26"]
[Round "1.3"]
[White "Tochtrop, Matthias"]
[Black "Stoeber, Michael"]
[Result "1/2-1/2"]
[WhiteElo "2105"]
[BlackElo "2215"]
[PlyCount "25"]
[EventDate "2010.??.??"]

1. g3 g6 2. Bg2 Bg7 3. c4 d6 4. Nc3 e5 5. e4 Nc6 6. Nge2 f5 7. O-O Nf6 8. exf5
gxf5 9. d4 O-O 10. h3 Ne7 11. Be3 c6 12. Qd2 Qe8 13. Rad1 1/2-1/2

[Event "SF Monheim 1 - Mettmann-Sport 1"]
[Site "NRW-Klasse, Gruppe 2 2010/201"]
[Date "2010.09.26"]
[Round "1.4"]
[White "Huelsmann, Josef"]
[Black "Wille, Thomas"]
[Result "1/2-1/2"]
[WhiteElo "2113"]
[BlackElo "2106"]
[PlyCount "160"]
[EventDate "2010.??.??"]

1. d4 d5 2. Nf3 e6 3. c4 Nf6 4. g3 c6 5. Bg2 Bb4+ 6. Bd2 Qe7 7. O-O Ne4 8. Bf4
Bd6 9. Bxd6 Qxd6 10. Nbd2 f5 11. Ne5 Nd7 12. Ndf3 O-O 13. e3 Qe7 14. Nxd7 Bxd7
15. Ne5 Nd6 16. Qb3 Rab8 17. Qa3 a6 18. Rac1 Rbe8 19. f4 Bc8 20. Rf2 Nf7 21.
Qxe7 Rxe7 22. b4 Nxe5 23. fxe5 Bd7 24. a4 g5 25. b5 axb5 26. axb5 Ra8 27. bxc6
bxc6 28. cxd5 exd5 29. Rb2 Ra3 30. Kf2 Kf7 31. Ke2 Be8 32. Kd2 Rea7 33. Bf1 Ra2
34. Rcb1 Ke6 35. Bd3 Bg6 36. Bc2 R7a6 37. Kc1 Rxb2 38. Rxb2 c5 39. Bd3 Rc6 40.
Bb5 Rc7 41. Kd2 cxd4 42. exd4 f4 43. gxf4 gxf4 44. Bd3 Be4 45. Rb6+ Kf5 46. h3
Ra7 47. Rf6+ Kg5 48. Be2 Ra2+ 49. Ke1 Ra1+ 50. Kf2 Ra2 51. h4+ Kxh4 52. Rxf4+
Kg5 53. Rg4+ Kf5 54. Rg1 Bd3 55. Re1 h5 56. Ke3 Bxe2 57. Rxe2 Ra3+ 58. Kf2 Ke6
59. Rd2 Kf5 60. Re2 Ke6 61. Re3 Ra4 62. Rd3 Ra2+ 63. Kg3 Kf5 64. Rf3+ Kg5 65.
Re3 Ra7 66. Kh3 Re7 67. Rf3 Ra7 68. Kg3 Ra4 69. e6 Ra8 70. Re3 Kf6 71. Kh4 Re8
72. Kxh5 Rxe6 73. Rxe6+ Kxe6 74. Kg6 Ke7 75. Kf5 Kf7 76. Ke5 Ke7 77. Kxd5 Kd7
78. Ke5 Ke7 79. d5 Kd7 80. d6 Kd8 1/2-1/2

[Event "SF Monheim 1 - Mettmann-Sport 1"]
[Site "NRW-Klasse, Gruppe 2 2010/201"]
[Date "2010.09.26"]
[Round "1.5"]
[White "Meyer, Mario"]
[Black "Weber, Franz-Josef"]
[Result "1-0"]
[WhiteElo "2103"]
[BlackElo "2041"]
[Annotator ",Daniel"]
[PlyCount "54"]
[EventDate "2010.??.??"]

1. f4 Nf6 2. Nf3 c5 3. b3 b6 4. e3 Bb7 5. Be2 g6 6. Bb2 Bg7 7. O-O O-O 8. c4 d6
9. Nc3 Nbd7 10. d4 Ng4 11. Bc1 cxd4 12. exd4 Rc8 13. h3 Ngf6 14. Be3 Qc7 15.
Rc1 Qb8 16. Qe1 e5 17. Qh4 e4 18. Nd2 d5 19. f5 a6 20. g4 dxc4 21. bxc4 gxf5
22. Rxf5 Qd6 23. g5 Ne8 24. Ndxe4 Qe6 25. Bd3 Nd6 26. Rf3 f5 27. gxf6 Bxe4 {ZÜ}
1-0